Situation of cashew nut in svay rieng province, ស្ថានភាពដំណាំស្វាយចន្ទីនៅខេត្តស្វុាយរៀង (Record no. 1884)

000 -LEADER
fixed length control field 00525nam a22001577a 4500
003 - CONTROL NUMBER IDENTIFIER
control field OSt
005 - DATE AND TIME OF LATEST TRANSACTION
control field 20151004103553.0
008 - FIXED-LENGTH DATA ELEMENTS--GENERAL INFORMATION
fixed length control field 151004b xxu||||| |||| 00| 0 eng d
040 ## - CATALOGING SOURCE
Transcribing agency RUA
082 ## - DEWEY DECIMAL CLASSIFICATION NUMBER
Classification number AGR SOK 2001 B026 Or.1
100 ## - MAIN ENTRY--PERSONAL NAME
9 (RLIN) 1996
Personal name SOKUN, VISA;L
245 ## - TITLE STATEMENT
Title Situation of cashew nut in svay rieng province, ស្ថានភាពដំណាំស្វាយចន្ទីនៅខេត្តស្វុាយរៀង
260 ## - PUBLICATION, DISTRIBUTION, ETC. (IMPRINT)
Place of publication, distribution, etc. Phnom Penh
Name of publisher, distributor, etc. RUA
Date of publication, distribution, etc. 2001
300 ## - PHYSICAL DESCRIPTION
Extent 44p.
Other physical details ill.
Dimensions 29cm.
942 ## - ADDED ENTRY ELEMENTS (KOHA)
Source of classification or shelving scheme
Koha item type AGR
Holdings
Price effective from Date last seen Permanent Location Not for loan Date acquired Source of classification or shelving scheme Koha item type Lost status Withdrawn status Date last checked out Total Checkouts Shelving location Damaged status Barcode Current Location Full call number
2015-10-042023-12-25Library Block B 2015-10-04 AGR  2023-10-301B026 RUA015149Library Block BAGR SOK 2001 B026 Or.1
2016-05-192019-08-10Library Block B 2016-05-19 AGR  2019-07-294  RUA002989Library Block BAGR SOK 2001 B026 Or.2
មជ្ឈមណ្ឌលឯការនៃសាកលវិទ្យាល័យភូមិន្ទកសិកម្មចំការដូង

Powered by Koha